| 000 | 00829nac a22002051u 4500 | ||
|---|---|---|---|
| 010 | _a2003064278 | ||
| 020 | _a354040502X (pbk : alk. paper) | ||
| 082 | 0 | 0 |
_a332.645301 _bB476 |
| 090 |
_c1274 _d1274 |
||
| 100 | _aBenth, Fred Espen, | ||
| 245 | 1 | 0 |
_aOption theory with stochastic analysis : _ban introduction to mathematical finance / _cFred Espen Benth. |
| 260 |
_aBerlin ; _aNew York : _bSpringer, _cc2004. |
||
| 300 |
_ax, 162 p. : _bill. ; _c24 cm. |
||
| 490 | 0 | _aUniversitext | |
| 504 | _aIncludes bibliographical references (p. [157]-162) and index. | ||
| 650 | 0 |
_aOptions (Finance) _xMathematical models. |
|
| 650 | 0 | _aStochastic analysis. | |
| 942 |
_cBB _k332.645301B476 |
||
| 999 |
_c1274 _d1274 |
||